Tensiones en Suramérica /
Sparad:
| Huvudupphovsman: | |
|---|---|
| Materialtyp: | Text |
| Ämnen: | |
| Taggar: |
Lägg till en tagg
Inga taggar, Lägg till första taggen!
|
MARC
| LEADER | 00000 a a2200000 04500 | ||
|---|---|---|---|
| 001 | 6913 | ||
| 003 | |||
| 040 | |||
| 100 | |a Gutiérrez, Silvia | ||
| 245 | |a Tensiones en Suramérica / |c Silvia Gutiérrez | ||
| 650 | |a ASPECTOS SOCIALES | ||
| 650 | |a ASPECTOS POLITICOS | ||
| 650 | |a GOBIERNO | ||
| 650 | |a OEA | ||
| 650 | |a EL SALVADOR | ||
| 773 | |g volumen 28, número 1280; páginas 5-7 | ||
| 999 | |c 35690 |d 35690 | ||
